00293nam a2200109Ia 4500008004100000041001200041082001100053100001600064245009100080260000600171650000600177221030s9999 xx 000 0 und d aEnglish a105.23 aJ. D. Ryder 0aElectronic Fundamentals and Applications Integrated & Discrete Systemscby J. D. Ryder c0 aB